[Event "Bundesliga 2324"]
[Site "Germany"]
[Date "2024.04.27"]
[Round "14.2"]
[White "Pavlidis, Antonios"]
[Black "Pechac, Jergus"]
[Result "1/2-1/2"]
[WhiteElo "2566"]
[BlackElo "2596"]
[PlyCount "90"]
[EventDate "2023.10.21"]
[EventType "team-tourn"]
[EventRounds "15"]
[EventCountry "GER"]
[SourceTitle "CB18_2024"]
[SourceDate "2024.05.01"]
[SourceVersion "1"]
[SourceVersionDate "2024.05.01"]
[SourceQuality "2"]
[WhiteTeam "Remagen Sinzig"]
[BlackTeam "Dresden TU"]
[WhiteTeamCountry "GER"]
[BlackTeamCountry "GER"]

1. e4 e5 2. Nf3 Nc6 3. Bb5 Nge7 4. Nc3 Ng6 5. d4 exd4 6. Nxd4 Nxd4 7. Qxd4 c6 8. Be2 Qb6 9. Qd3 Be7 10. 0-0 0-0 11. a4 d6 12. Be3 Qa5 13. Bd2 Qd8 14. f4 f5 15. Bh5 fxe4 16. Nxe4 d5 17. Ng3 Nh4 18. Rae1 Nf5 19. Bc3 Bc5+ 20. Kh1 Qh4 21. Be5 b6 22. Bd1 Nxg3+ 23. Qxg3 Qxg3 24. hxg3 Ba6 25. Rf3 Rae8 26. Kh2 Bc8 27. Rff1 g5 28. Bc3 Rxe1 29. Rxe1 gxf4 30. gxf4 Rxf4 31. b4 Bd6 32. Be5 Bxe5 33. Rxe5 Kf7 34. b5 Bd7 35. bxc6 Bxc6 36. a5 bxa5 37. Bf3 Kf6 38. Rh5 Kg6 39. Re5 a4 40. Re6+ Rf6 41. Re7 a6 42. Kg3 d4 43. Be4+ Bxe4 44. Rxe4 Rd6 45. Re5 Rc6 1/2-1/2

[Event "SVK-chT 2324"]
[Site "Slovakia"]
[Date "2023.12.10"]
[Round "4.1"]
[White "Pechac, Jergus"]
[Black "Turcan, Richard"]
[Result "1-0"]
[WhiteElo "2580"]
[BlackElo "2406"]
[PlyCount "73"]
[EventDate "2023.11.04"]
[EventType "team-tourn"]
[EventRounds "11"]
[EventCountry "SVK"]
[SourceTitle "CB04_2024"]
[SourceDate "2023.10.16"]
[SourceVersion "1"]
[SourceVersionDate "2023.10.16"]
[SourceQuality "1"]
[WhiteTeam "Cadca Caissa"]
[BlackTeam "Levice"]
[WhiteTeamCountry "SVK"]
[BlackTeamCountry "SVK"]

1. e4 c5 2. Nf3 Nc6 3. d4 cxd4 4. Nxd4 Nf6 5. Nc3 d6 6. Bg5 e6 7. Qd2 a6 8. 0-0-0 Bd7 9. Kb1 Nxd4 10. Qxd4 Be7 11. Rg1 b5 12. g4 Qc7 13. Bc1 e5 14. Qd2 Bc6 15. Nd5 Bxd5 16. exd5 0-0 17. h4 Nd7 18. g5 f5 19. gxf6 Bxf6 20. h5 e4 21. Rg4 Rae8 22. Qe2 Nc5 23. Bg2 Re5 24. h6 g6 25. Bxe4 Rfe8 26. f3 Qe7 27. Qh2 Nxe4 28. fxe4 Qd7 29. Qg2 Qe7 30. Rf1 Bh8 31. Bg5 Qc7 32. Rgf4 Rc8 33. Qf2 Ree8 34. Rf7 Qc5 35. Rg7+ Bxg7 36. Qf7+ Kh8 37. hxg7# 1-0

[Event "AUT-chT 2324"]
[Site "Austria"]
[Date "2023.11.25"]
[Round "5.1"]
[White "Pechac, Jergus"]
[Black "Dragnev, Valentin"]
[Result "1/2-1/2"]
[WhiteElo "2580"]
[BlackElo "2589"]
[PlyCount "75"]
[EventDate "2023.11.22"]
[EventType "team-tourn"]
[EventRounds "11"]
[EventCountry "AUT"]
[SourceTitle "CB48_2023"]
[SourceDate "2023.11.29"]
[SourceVersion "1"]
[SourceVersionDate "2023.11.29"]
[SourceQuality "1"]
[WhiteTeam "Mistelbach"]
[BlackTeam "Ottakring"]
[WhiteTeamCountry "AUT"]
[BlackTeamCountry "AUT"]

1. e4 e5 2. Nf3 Nc6 3. Bc4 Bc5 4. c3 Nf6 5. d3 a6 6. 0-0 d6 7. a4 Ba7 8. Re1 0-0 9. h3 Re8 10. Nbd2 Be6 11. Bxe6 Rxe6 12. b4 d5 13. Qc2 d4 14. Nb3 dxc3 15. Qxc3 Rd6 16. Qc4 Rxd3 17. b5 Rxf3 18. gxf3 Nd4 19. Nxd4 Bxd4 20. Ra2 Nd7 21. Kh2 Nf8 22. f4 axb5 23. axb5 Rxa2 24. Qxa2 Qh4 25. Be3 Bxe3 26. Rxe3 exf4 27. Rc3 h5 28. Rxc7 Ne6 29. Rc3 Ng5 30. Qe2 b6 31. Rd3 Kh7 32. e5 g6 33. Rc3 Kg7 34. Ra3 f3 35. Rxf3 Nxf3+ 36. Qxf3 Qd4 37. Qf6+ Kg8 38. h4 1/2-1/2

[Event "AUT-chT 2324"]
[Site "Austria"]
[Date "2023.11.24"]
[Round "4.1"]
[White "Sadhwani, Raunak"]
[Black "Pechac, Jergus"]
[Result "1-0"]
[WhiteElo "2650"]
[BlackElo "2580"]
[PlyCount "87"]
[EventDate "2023.11.22"]
[EventType "team-tourn"]
[EventRounds "11"]
[EventCountry "AUT"]
[SourceTitle "CB48_2023"]
[SourceDate "2023.11.29"]
[SourceVersion "1"]
[SourceVersionDate "2023.11.29"]
[SourceQuality "1"]
[WhiteTeam "Fuerstenfeld/Hartberg"]
[BlackTeam "Mistelbach"]
[WhiteTeamCountry "AUT"]
[BlackTeamCountry "AUT"]

1. e4 e5 2. Nf3 Nc6 3. Bb5 Nge7 4. Nc3 Nd4 5. Nxe5 c6 6. Be2 d5 7. Nf3 Nxe2 8. Qxe2 d4 9. Nb1 Ng6 10. d3 Bb4+ 11. c3 dxc3 12. bxc3 Ba5 13. h3 0-0 14. 0-0 Re8 15. Qc2 h6 16. d4 Qf6 17. e5 Bf5 18. Qd1 Qe6 19. Nfd2 Nh4 20. Nf3 Bxb1 21. Nxh4 Bh7 22. Bb2 c5 23. f4 Rad8 24. Qf3 Qe7 25. Qf2 cxd4 26. cxd4 Rd5 27. Rac1 Red8 28. Kh2 Bb6 29. Rfd1 Kh8 30. Rd2 f6 31. Nf3 Be4 32. Rcd1 Qc7 33. Qe3 Bxf3 34. Qxf3 fxe5 35. fxe5 Qc4 36. Ba1 Qb4 37. Kh1 Qe7 38. Qe4 Qg5 39. Rd3 Bc7 40. Bc3 Qh5 41. Bb4 Rb5 42. Be7 Re8 43. Rf1 Bxe5 44. g4 1-0

[Event "AUT-chT 2324"]
[Site "Austria"]
[Date "2023.11.22"]
[Round "1.1"]
[White "Pechac, Jergus"]
[Black "Kadric, Denis"]
[Result "0-1"]
[WhiteElo "2580"]
[BlackElo "2584"]
[PlyCount "120"]
[EventDate "2023.11.22"]
[EventType "team-tourn"]
[EventRounds "11"]
[EventCountry "AUT"]
[SourceTitle "CB48_2023"]
[SourceDate "2023.11.29"]
[SourceVersion "1"]
[SourceVersionDate "2023.11.29"]
[SourceQuality "1"]
[WhiteTeam "Mistelbach"]
[BlackTeam "Pinggau Friedberg"]
[WhiteTeamCountry "AUT"]
[BlackTeamCountry "AUT"]

1. d4 Nf6 2. c4 g6 3. g3 c6 4. Bg2 d5 5. Nf3 Bg7 6. 0-0 0-0 7. Nc3 dxc4 8. e4 b5 9. Qe2 a5 10. Rd1 a4 11. a3 Bg4 12. h3 Bxf3 13. Bxf3 e5 14. dxe5 Nfd7 15. Bg2 Qe7 16. f4 Nc5 17. Be3 Nd3 18. Qc2 Nd7 19. Bf1 N7c5 20. Bxc5 Nxc5 21. Rd6 Qc7 22. Rad1 Rfd8 23. Qd2 Nb7 24. Rd7 Rxd7 25. Qxd7 Qb6+ 26. Kg2 Rd8 27. Qe7 Rxd1 28. Nxd1 Bf8 29. Qd7 Nc5 30. Qd4 Qc7 31. Ne3 Nb3 32. Qd1 Qb6 33. Nc2 Qc7 34. Be2 Bc5 35. Bg4 Kf8 36. e6 h5 37. Bf3 fxe6 38. e5 Ke7 39. Be4 Qd7 40. Qxd7+ Kxd7 41. Bxg6 Nd4 42. Ne1 c3 43. Nd3 Bf8 44. bxc3 Ne2 45. f5 Bxa3 46. fxe6+ Kc7 47. g4 hxg4 48. Kf2 Nxc3 49. h4 Bf8 50. h5 Kd8 51. h6 Bxh6 52. Nb4 Ke7 53. Bf5 Bg5 54. Kg3 Kf8 55. e7+ Bxe7 56. Nxc6 b4 57. Na5 b3 58. Kxg4 b2 59. Nc4 a3 60. Nxa3 Bxa3 0-1

[Event "EU-chT 24th"]
[Site "Budva"]
[Date "2023.11.19"]
[Round "8.16"]
[White "Pechac, Jergus"]
[Black "Sukovic, Andrej"]
[Result "1-0"]
[WhiteElo "2580"]
[BlackElo "2382"]
[PlyCount "43"]
[EventDate "2023.11.11"]
[EventType "team-swiss"]
[EventRounds "9"]
[EventCountry "MNE"]
[SourceTitle "CB47_2023"]
[SourceDate "2023.11.22"]
[SourceVersion "1"]
[SourceVersionDate "2023.11.22"]
[SourceQuality "1"]
[WhiteTeam "Slovakia"]
[BlackTeam "Montenegro Youth II"]
[WhiteTeamCountry "SVK"]
[BlackTeamCountry "MNE"]

1. e4 e6 2. d4 d5 3. Nc3 Bb4 4. exd5 exd5 5. Bd3 Nf6 6. a3 Be7 7. Nf3 0-0 8. h3 b6 9. 0-0 c5 10. Re1 c4 11. Bf1 Re8 12. Ne5 Bb7 13. Qf3 Nc6 14. Nxc6 Bxc6 15. Bxc4 dxc4 16. Qxc6 Rc8 17. Qb7 Rc7 18. Qa6 Bd6 19. Bg5 Rce7 20. Rxe7 Qxe7 21. Qxc4 Qe1+ 22. Qf1 1-0

[Event "EU-chT 24th"]
[Site "Budva"]
[Date "2023.11.17"]
[Round "6.1"]
[White "Rodshtein, Maxim"]
[Black "Pechac, Jergus"]
[Result "1/2-1/2"]
[WhiteElo "2582"]
[BlackElo "2580"]
[PlyCount "62"]
[EventDate "2023.11.11"]
[EventType "team-swiss"]
[EventRounds "9"]
[EventCountry "MNE"]
[SourceTitle "CB47_2023"]
[SourceDate "2023.11.22"]
[SourceVersion "1"]
[SourceVersionDate "2023.11.22"]
[SourceQuality "1"]
[WhiteTeam "Israel"]
[BlackTeam "Slovakia"]
[WhiteTeamCountry "ISR"]
[BlackTeamCountry "SVK"]

1. d4 Nf6 2. c4 e6 3. Nc3 Bb4 4. e3 d5 5. a3 Be7 6. cxd5 exd5 7. Bd3 Nbd7 8. Nge2 Nf8 9. 0-0 Ne6 10. Bd2 0-0 11. Kh1 a6 12. Rc1 Re8 13. Be1 b6 14. f3 c5 15. Bf2 Bb7 16. Bb1 Rc8 17. Qd2 Qd7 18. Rcd1 a5 19. Rfe1 Bc6 20. Bf5 Qb7 21. Nf4 Bd7 22. dxc5 Nxf4 23. Bxd7 Qxd7 24. exf4 Bxc5 25. Bh4 Rxe1+ 26. Rxe1 Re8 27. Rd1 Be3 28. Qd3 d4 29. Bxf6 gxf6 30. Ne4 Qf5 31. g3 Rc8 1/2-1/2

[Event "SVK-chT 2324"]
[Site "Slovakia"]
[Date "2023.11.05"]
[Round "2.1"]
[White "Haring, Filip"]
[Black "Pechac, Jergus"]
[Result "0-1"]
[WhiteElo "2446"]
[BlackElo "2580"]
[PlyCount "66"]
[EventDate "2023.11.04"]
[EventType "team-tourn"]
[EventRounds "11"]
[EventCountry "SVK"]
[SourceTitle "Mega2024 Update 01"]
[Source "Chessbase"]
[SourceDate "2023.11.12"]
[SourceVersion "1"]
[SourceVersionDate "2023.11.12"]
[SourceQuality "1"]
[WhiteTeam "Liptov Chess School"]
[BlackTeam "Cadca Caissa"]
[WhiteTeamCountry "SVK"]
[BlackTeamCountry "SVK"]

1. d4 e6 2. Nf3 d5 3. e3 Nf6 4. Bd3 b6 5. 0-0 Bb7 6. b3 Be7 7. Bb2 0-0 8. c4 dxc4 9. bxc4 c5 10. Nbd2 Nbd7 11. Qe2 Qc7 12. a4 a5 13. Rfe1 Rad8 14. Bc2 Rfe8 15. Rad1 Bf8 16. e4 Nh5 17. e5 Nf4 18. Qe3 Ng6 19. Ng5 Be7 20. Bxg6 hxg6 21. Nde4 cxd4 22. Qh3 Nf8 23. Ba3 Bxa3 24. Qxa3 Qxe5 25. Rb1 d3 26. Re3 Qd4 27. Rd1 Qxc4 28. Nd6 Qg4 29. Nf3 Re7 30. Rexd3 Bxf3 31. Rxf3 Red7 32. Kf1 Qb4 33. Qxb4 axb4 0-1

[Event "POL-chT Ekstraliga"]
[Site "Lublin"]
[Date "2023.09.24"]
[Round "7.2"]
[White "Pechac, Jergus"]
[Black "Navara, David"]
[Result "1/2-1/2"]
[WhiteElo "2598"]
[BlackElo "2688"]
[PlyCount "37"]
[EventDate "2023.09.18"]
[EventType "team-tourn"]
[EventRounds "9"]
[EventCountry "POL"]
[SourceTitle "EXT 2024"]
[Source "ChessBase"]
[SourceDate "2023.10.10"]
[SourceVersion "1"]
[SourceVersionDate "2023.10.10"]
[SourceQuality "1"]
[WhiteTeam "Krakow Dwie Wieze"]
[BlackTeam "Katowice Wasko"]
[WhiteTeamCountry "POL"]
[BlackTeamCountry "POL"]

1. d4 Nf6 2. c4 e6 3. Nf3 d5 4. Nc3 Bb4 5. Bg5 h6 6. Bxf6 Qxf6 7. e3 0-0 8. Qb3 c5 9. cxd5 exd5 10. dxc5 Bxc3+ 11. Qxc3 Qxc3+ 12. bxc3 Nd7 13. Rd1 Nf6 14. Nd4 Bd7 15. f3 Rfc8 16. Nb3 Ba4 17. Rd4 Bxb3 18. axb3 Rxc5 19. Kd2 1/2-1/2

[Event "Piestany op-A"]
[Site "Piestany"]
[Date "2023.07.19"]
[Round "9"]
[White "Audi, Ameya"]
[Black "Pechac, Jergus"]
[Result "0-1"]
[WhiteElo "2391"]
[BlackElo "2608"]
[PlyCount "46"]
[EventDate "2023.07.11"]
[EventType "swiss"]
[EventRounds "9"]
[EventCountry "SVK"]
[SourceTitle "EXT 2024"]
[Source "ChessBase"]
[SourceDate "2023.10.10"]
[SourceVersion "1"]
[SourceVersionDate "2023.10.10"]
[SourceQuality "1"]

1. e4 e5 2. Nf3 Nc6 3. Bc4 Nf6 4. d3 d5 5. exd5 Nxd5 6. 0-0 Be7 7. Re1 f6 8. Nc3 Be6 9. Ne4 Na5 10. Nxe5 fxe5 11. Qh5+ Bf7 12. Qxe5 0-0 13. Bxd5 Bxd5 14. Nc3 Bb4 15. Nxd5 Bxe1 16. Bg5 Bxf2+ 17. Kh1 Qd6 18. Ne7+ Kh8 19. Qxa5 h6 20. Qa3 Bc5 21. Ng6+ Qxg6 22. Qxc5 Qxg5 23. Qxg5 hxg5 0-1

[Event "SVK-ch"]
[Site "Bratislava"]
[Date "2023.07.05"]
[Round "5"]
[White "Haring, Filip"]
[Black "Pechac, Jergus"]
[Result "1/2-1/2"]
[WhiteElo "2476"]
[BlackElo "2611"]
[PlyCount "37"]
[EventDate "2023.07.01"]
[EventType "tourn"]
[EventRounds "9"]
[EventCountry "SVK"]
[EventCategory "9"]
[SourceTitle "CBM 215 Extra"]
[Source "ChessBase"]
[SourceDate "2023.09.30"]
[SourceVersion "1"]
[SourceVersionDate "2023.09.30"]
[SourceQuality "1"]

1. e4 e5 2. Nf3 Nc6 3. Bc4 Bc5 4. c3 Nf6 5. d3 0-0 6. 0-0 d6 7. Nbd2 a6 8. Bb3 Ba7 9. h3 h6 10. Re1 Be6 11. Nf1 Re8 12. Bc2 d5 13. exd5 Nxd5 14. Ng3 Qd6 15. Nh4 Qd8 16. Nf3 Qd6 17. Nh4 Qd8 18. Nf3 Qd6 19. Nh4 1/2-1/2

[Event "SVK-ch"]
[Site "Bratislava"]
[Date "2023.07.03"]
[Round "3"]
[White "Mazur, Stefan"]
[Black "Pechac, Jergus"]
[Result "1/2-1/2"]
[WhiteElo "2465"]
[BlackElo "2611"]
[PlyCount "150"]
[EventDate "2023.07.01"]
[EventType "tourn"]
[EventRounds "9"]
[EventCountry "SVK"]
[EventCategory "9"]
[SourceTitle "CBM 215 Extra"]
[Source "ChessBase"]
[SourceDate "2023.09.30"]
[SourceVersion "1"]
[SourceVersionDate "2023.09.30"]
[SourceQuality "1"]

1. e4 e5 2. Nf3 Nc6 3. Nc3 Nf6 4. d4 exd4 5. Nd5 Nb4 6. Bc4 Nbxd5 7. exd5 Bb4+ 8. Kf1 c5 9. a3 Ba5 10. b4 cxb4 11. d6 0-0 12. axb4 b5 13. Rxa5 bxc4 14. Nxd4 Qb6 15. c3 Bb7 16. Nf5 Be4 17. Be3 Bd3+ 18. Kg1 Qb7 19. Ne7+ Kh8 20. f3 Qb8 21. Bc5 Ne8 22. Ra6 f5 23. Qe1 Qb7 24. Qa1 Rf6 25. Kf2 Nc7 26. Rxa7 Rxa7 27. Qxa7 Qxa7 28. Bxa7 Nb5 29. Ra1 h5 30. Ra5 Nxd6 31. Bd4 Re6 32. Re5 Rxe5 33. Bxe5 Nb5 34. Ke3 h4 35. Nc8 Kg8 36. Nd6 Nxd6 37. Bxd6 Kf7 38. b5 Ke6 39. Bf8 Kd5 40. Bxg7 Kc5 41. h3 Kxb5 42. Bf6 Kc5 43. Bxh4 Kd5 44. Bf6 Ke6 45. Bd4 Kf7 46. h4 Kg6 47. Kf4 Bf1 48. g4 fxg4 49. fxg4 Be2 50. h5+ Kf7 51. Kf5 Bf3 52. Kg5 Be2 53. Kh4 Ke6 54. g5 Kf5 55. g6 Bf3 56. Be3 Kf6 57. Bg5+ Kf5 58. Bd8 Bc6 59. Be7 Bf3 60. Bg5 Be4 61. Bd8 Bf3 62. Be7 Bc6 63. Kg3 Be4 64. Bd8 Bc6 65. Kf2 d6 66. Kg3 Be8 67. Kf3 Bc6+ 68. Ke3 Be8 69. Kd4 Kg4 70. g7 Bf7 71. h6 Bg8 72. Ke4 Kh5 73. Kf5 Kxh6 74. Kf6 Kh7 75. Bb6 Bd5 1/2-1/2

[Event "SVK-ch"]
[Site "Bratislava"]
[Date "2023.07.01"]
[Round "1"]
[White "Druska, Juraj"]
[Black "Pechac, Jergus"]
[Result "1/2-1/2"]
[WhiteElo "2473"]
[BlackElo "2611"]
[PlyCount "60"]
[EventDate "2023.07.01"]
[EventType "tourn"]
[EventRounds "9"]
[EventCountry "SVK"]
[EventCategory "9"]
[SourceTitle "CBM 215 Extra"]
[Source "ChessBase"]
[SourceDate "2023.09.30"]
[SourceVersion "1"]
[SourceVersionDate "2023.09.30"]
[SourceQuality "1"]

1. e4 e6 2. d4 d5 3. Nd2 c5 4. Ngf3 Nc6 5. exd5 exd5 6. Bb5 Qe7+ 7. Be2 Nf6 8. 0-0 Qc7 9. Re1 cxd4 10. Nb3 Bb4 11. Bd2 Bxd2 12. Qxd2 0-0 13. Bd3 Bd7 14. Nbxd4 Rae8 15. Nxc6 bxc6 16. Rxe8 Rxe8 17. Re1 c5 18. Rxe8+ Bxe8 19. b4 Ne4 20. Qe1 cxb4 21. Bxe4 dxe4 22. Qxe4 Qc6 23. Qxb4 Qxc2 24. a3 Qd1+ 25. Ne1 h5 26. h3 Bb5 27. Qxb5 Qxe1+ 28. Qf1 Qd2 29. Qa6 Qe1+ 30. Qf1 Qd2 1/2-1/2

[Event "Prague Challengers 5th"]
[Site "Prague"]
[Date "2023.06.28"]
[Round "7"]
[White "Pechac, Jergus"]
[Black "Gledura, Benjamin"]
[Result "1/2-1/2"]
[WhiteElo "2611"]
[BlackElo "2645"]
[PlyCount "78"]
[EventDate "2023.06.20"]
[EventType "tourn"]
[EventRounds "9"]
[EventCountry "CZE"]
[EventCategory "12"]
[SourceTitle "CBM 215 Extra"]
[Source "ChessBase"]
[SourceDate "2023.09.30"]
[SourceVersion "1"]
[SourceVersionDate "2023.09.30"]
[SourceQuality "1"]

1. h4 d5 2. d4 Nf6 3. e3 c5 4. c4 e6 5. Nf3 dxc4 6. Bxc4 a6 7. h5 h6 8. Be2 Nbd7 9. Nbd2 b6 10. b3 Bb7 11. Bb2 Be7 12. dxc5 Nxc5 13. Nc4 Nce4 14. Qxd8+ Bxd8 15. Bd4 b5 16. Nb6 Bxb6 17. Bxb6 Nd5 18. Ba5 0-0 19. Rh4 Ndf6 20. Nd4 Rac8 21. f3 Nc3 22. Bd3 Ncd5 23. Kd2 Ne7 24. a4 bxa4 25. Rxa4 Nd7 26. Bb4 Rfe8 27. Bxa6 Bxa6 28. Rxa6 Nd5 29. Bd6 Nc5 30. Bxc5 Rxc5 31. e4 Ne7 32. Rd6 Rb8 33. Rd7 Kf8 34. f4 Ke8 35. Rd6 Rb4 36. Kd3 Rc1 37. Kd2 Rc5 38. Kd3 Rc1 39. Kd2 Rc5 1/2-1/2

[Event "Prague Challengers 5th"]
[Site "Prague"]
[Date "2023.06.27"]
[Round "6"]
[White "Finek, Vaclav"]
[Black "Pechac, Jergus"]
[Result "1-0"]
[WhiteElo "2409"]
[BlackElo "2611"]
[PlyCount "53"]
[EventDate "2023.06.20"]
[EventType "tourn"]
[EventRounds "9"]
[EventCountry "CZE"]
[EventCategory "12"]
[SourceTitle "CBM 215 Extra"]
[Source "ChessBase"]
[SourceDate "2023.09.30"]
[SourceVersion "1"]
[SourceVersionDate "2023.09.30"]
[SourceQuality "1"]

1. d4 d5 2. Nf3 Nf6 3. c4 e6 4. g3 dxc4 5. Bg2 c6 6. 0-0 b5 7. Ne5 Bb7 8. a4 a6 9. Nc3 Nd5 10. e4 Nxc3 11. bxc3 Nd7 12. Bf4 Be7 13. Qg4 g6 14. Bh6 Nxe5 15. dxe5 Qc7 16. Qf4 a5 17. Rfd1 b4 18. Bf1 Ba6 19. Rd6 Rb8 20. Rad1 b3 21. Bg7 Rg8 22. Bf6 g5 23. Qd2 Bxd6 24. exd6 Qd7 25. Qd4 b2 26. Rb1 Qb7 27. Rxb2 1-0

[Event "Teplice op"]
[Site "Teplice"]
[Date "2023.06.17"]
[Round "8"]
[White "Muthaiah, Al"]
[Black "Pechac, Jergus"]
[Result "0-1"]
[WhiteElo "2439"]
[BlackElo "2611"]
[PlyCount "112"]
[EventDate "2023.06.10"]
[EventType "swiss"]
[EventRounds "9"]
[EventCountry "CZE"]
[SourceTitle "CBM 214 Extra"]
[Source "ChessBase"]
[SourceDate "2023.07.31"]
[SourceVersion "1"]
[SourceVersionDate "2023.07.31"]
[SourceQuality "1"]

1. d4 d5 2. c4 e6 3. Nc3 Nf6 4. Nf3 c5 5. cxd5 Nxd5 6. e4 Nxc3 7. bxc3 cxd4 8. cxd4 Bb4+ 9. Bd2 Bxd2+ 10. Qxd2 0-0 11. Bc4 Nd7 12. 0-0 b6 13. Rad1 Bb7 14. d5 exd5 15. Bxd5 Nc5 16. Bxb7 Nxb7 17. Qxd8 Rfxd8 18. Nd4 Rac8 19. f3 Rc4 20. Nb5 a6 21. Rxd8+ Nxd8 22. Nd6 Rd4 23. Nf5 Ra4 24. Rd1 Ne6 25. Rc1 h5 26. Rc8+ Kh7 27. Rc2 b5 28. h4 Ra3 29. Kf2 Kg6 30. Ke1 Kf6 31. Kd2 Ke5 32. Kc1 Kf4 33. Nd6 f6 34. Nf5 Ke5 35. Rd2 b4 36. Ne7 Rc3+ 37. Kb1 Nf4 38. Nd5 Rd3 39. Rxd3 Nxd3 40. Kc2 Ne1+ 41. Kd2 Nxg2 42. Nxb4 Kf4 43. Nxa6 Nxh4 44. Ke2 Nxf3 45. Kf2 g5 46. a4 g4 47. Nb4 g3+ 48. Kg2 Ne1+ 49. Kf1 Kf3 50. Nc6 g2+ 51. Kg1 Kg3 52. Nd4 Nf3+ 53. Nxf3 Kxf3 54. a5 Kg3 55. a6 h4 56. a7 h3 0-1